[Event "IECC O-2988"]
[Site "IECC email"]
[Date "2009.07.04"]
[Round "?"]
[White "Jessup, Samuel"]
[Black "Bentley, Gareth"]
[Result "1-0"]
[WhiteElo "918"]
[BlackElo "944"]
[PlyCount "43"]
[EventDate "2009.??.??"]
[EventType "swiss (corr)"]
[EventRounds "2"]
[SourceTitle "Telechess CBM 137"]
[Source "ChessBase"]
[SourceDate "2010.07.15"]
[SourceVersion "1"]
[SourceVersionDate "2010.07.15"]
[SourceQuality "1"]
[WhiteTeam "US of America"]
[BlackTeam "England"]
[WhiteTeamCountry "USA"]
[BlackTeamCountry "ENG"]

1. e4 e5 2. Nf3 Nf6 3. Nc3 Bb4 4. Bc4 0-0 5. 0-0 Nc6 6. d3 d6 7. Bg5 Bg4 8. Nd5 Nd4 9. c3 Ba5 10. cxd4 exd4 11. Qa4 b6 12. Nxd4 c5 13. Nc6 Qc8 14. Nce7+ Kh8 15. Nxc8 Raxc8 16. Nxf6 gxf6 17. Bxf6+ Kg8 18. f3 Bh5 19. Qd7 Rb8 20. Qh3 b5 21. Qxh5 bxc4 22. Qg5# 1-0

[Event "IECC O-2927"]
[Site "IECC email"]
[Date "2009.03.26"]
[Round "?"]
[White "Hintze, Russell P"]
[Black "Bentley, Gareth"]
[Result "1-0"]
[WhiteElo "1086"]
[BlackElo "954"]
[PlyCount "93"]
[EventDate "2009.??.??"]
[EventType "swiss (corr)"]
[EventRounds "2"]
[SourceTitle "Corr 2011"]
[Source "ChessBase"]
[SourceDate "2010.08.31"]
[SourceVersion "1"]
[SourceVersionDate "2010.08.31"]
[SourceQuality "1"]
[WhiteTeam "US of America"]
[BlackTeam "England"]
[WhiteTeamCountry "USA"]
[BlackTeamCountry "ENG"]

1. d4 d5 2. c4 dxc4 3. e4 Nc6 4. Be3 Nf6 5. Nc3 e6 6. Bxc4 Bb4 7. Nge2 0-0 8. 0-0 b6 9. Bg5 e5 10. Nd5 Bg4 11. Nxf6+ gxf6 12. Bh6 Re8 13. Bd5 Qd7 14. Rc1 Rad8 15. Bxc6 Qe6 16. Bxe8 Qxe8 17. Qb3 Ba5 18. Qg3 Bd2 19. Qxg4+ Bg5 20. Bxg5 fxg5 21. Qxg5+ Kf8 22. Qh6+ Ke7 23. Rxc7+ Rd7 24. Rxd7+ Qxd7 25. Qg5+ f6 26. Qg7+ Kd6 27. Qxd7+ Kxd7 28. dxe5 fxe5 29. Rd1+ Ke7 30. f4 exf4 31. Nxf4 h6 32. Rc1 b5 33. Rc7+ Kd6 34. Rxa7 b4 35. Ra6+ Kc5 36. Rxh6 Kc4 37. g4 Kc5 38. g5 Kd4 39. g6 Kxe4 40. g7 Kxf4 41. g8Q Ke3 42. Qd8 Ke4 43. Re6+ Kf5 44. Qf6+ Kg4 45. Qf7 Kh4 46. Rg6 Kh5 47. Qh7# 1-0

[Event "IECC O email"]
[Site "IECC email"]
[Date "2001.01.22"]
[Round "?"]
[White "Marshall, Derek"]
[Black "Bentley, Gareth"]
[Result "0-1"]
[WhiteElo "806"]
[BlackElo "969"]
[PlyCount "60"]
[EventDate "2001.??.??"]
[EventType "tourn (corr)"]
[EventRounds "6"]
[SourceTitle "Corr 2008"]
[Source "ChessBase"]
[SourceDate "2008.06.24"]
[SourceVersion "1"]
[SourceVersionDate "2008.06.24"]
[SourceQuality "1"]

1. d4 e6 2. Nf3 Nf6 3. e3 Bd6 4. c3 Nc6 5. Bb5 Na5 6. Na3 Ne4 7. Qd3 f5 8. b4 Nc6 9. Nc4 0-0 10. Ba3 a6 11. Bxc6 bxc6 12. Nxd6 cxd6 13. 0-0 a5 14. Rab1 Ba6 15. Qc2 Bxf1 16. Kxf1 Qb6 17. bxa5 Qa6+ 18. Ke1 Qxa5 19. Bb4 Qxa2 20. Qxa2 Rxa2 21. c4 Rb8 22. g3 Nc3 23. Rb3 Na4 24. Ng5 Nb2 25. c5 d5 26. Bc3 Rxb3 27. Bd2 Nc4 28. Ke2 Rxd2+ 29. Kf3 Rbb2 30. h4 Rxf2# 0-1

[Event "IECC M email"]
[Site "IECC email"]
[Date "2000.09.21"]
[Round "?"]
[White "King, Hal"]
[Black "Bentley, Gareth"]
[Result "1-0"]
[WhiteElo "992"]
[BlackElo "1000"]
[PlyCount "29"]
[EventDate "2000.??.??"]
[EventType "tourn (corr)"]
[EventRounds "2"]
[SourceTitle "Corr 2008"]
[Source "ChessBase"]
[SourceDate "2008.06.24"]
[SourceVersion "1"]
[SourceVersionDate "2008.06.24"]
[SourceQuality "1"]

1. e4 e6 2. Nf3 Bc5 3. d4 Nf6 4. dxc5 Nc6 5. Nc3 d6 6. Bb5 0-0 7. 0-0 e5 8. Nh4 Bg4 9. Qd3 Nb4 10. Qg3 Nxc2 11. Rb1 Be2 12. Nf5 Nh5 13. Qh3 Nf4 14. Qg3 dxc5 15. Qxg7# 1-0